A felszín alatti vizek kémiai összetételének változása antropogén hatásra, különös tekintettel a Pesti-síkság déli részére

Elmentve itt :
Bibliográfiai részletek
Szerző: Olasz Bettina
További közreműködők: Szanyi János (Témavezető)
Papp Márton (Témavezető)
Dokumentumtípus: Szakdolgozat
Megjelent: 2013
Tárgyszavak:
Online Access:http://diploma.bibl.u-szeged.hu/50197
LEADER 00871nta a2200193 i 4500
001 dipl50197
005 20150410115209.0
008 150407s2013 hu om 0|| hun d
040 |a SZTE Diploma Repozitórium  |b hun 
041 |a hun 
100 1 |a Olasz Bettina 
245 1 2 |a A felszín alatti vizek kémiai összetételének változása antropogén hatásra, különös tekintettel a Pesti-síkság déli részére  |h [elektronikus dokumentum] /  |c Bettina Olasz 
246 1 0 |a Anthropogenic impacts on the chemical composition of the groundwater particularly on the Southern Plain of Pest  |h [elektronikus dokumentum] 
260 |c 2013 
650 4 |a Természettudományok 
650 4 |a Natural sciences 
700 0 1 |a Szanyi János  |e ths 
700 0 1 |a Papp Márton  |e ths 
856 4 0 |u https://diploma.bibl.u-szeged.hu/id/eprint/50197/1/2012_Olasz_Bettina_OLBQAAT_SZE_SZ.pdf  |z Dokumentum-elérés